<?xml version="1.0" encoding="UTF-8"?><?xml-stylesheet type="text/xsl" href="static/style.xsl"?><OAI-PMH xmlns="http://www.openarchives.org/OAI/2.0/" xmlns:xsi="http://www.w3.org/2001/XMLSchema-instance" xsi:schemaLocation="http://www.openarchives.org/OAI/2.0/ http://www.openarchives.org/OAI/2.0/OAI-PMH.xsd"><responseDate>2026-06-03T05:40:41Z</responseDate><request verb="GetRecord" identifier="oai:riuma.uma.es:10630/37162" metadataPrefix="marc">https://riuma.uma.es/rest/oai/request</request><GetRecord><record><header><identifier>oai:riuma.uma.es:10630/37162</identifier><datestamp>2026-02-03T11:50:27Z</datestamp><setSpec>com_10630_2254</setSpec><setSpec>col_10630_37959</setSpec></header><metadata><record xmlns="http://www.loc.gov/MARC21/slim" xmlns:dcterms="http://purl.org/dc/terms/" xmlns:doc="http://www.lyncode.com/xoai" xmlns:xsi="http://www.w3.org/2001/XMLSchema-instance" xsi:schemaLocation="http://www.loc.gov/MARC21/slim http://www.loc.gov/standards/marcxml/schema/MARC21slim.xsd">
   <leader>00925njm 22002777a 4500</leader>
   <datafield ind2=" " ind1=" " tag="042">
      <subfield code="a">dc</subfield>
   </datafield>
   <datafield ind2=" " ind1=" " tag="720">
      <subfield code="a">Moreno-Madrid, Isabel</subfield>
      <subfield code="e">author</subfield>
   </datafield>
   <datafield ind2=" " ind1=" " tag="720">
      <subfield code="a">Arrabal-Gómez, José Carlos</subfield>
      <subfield code="e">author</subfield>
   </datafield>
   <datafield ind2=" " ind1=" " tag="720">
      <subfield code="a">Serrano-Castro, Pedro</subfield>
      <subfield code="e">author</subfield>
   </datafield>
   <datafield ind2=" " ind1=" " tag="720">
      <subfield code="a">Díaz-Sánchez, Estela</subfield>
      <subfield code="e">author</subfield>
   </datafield>
   <datafield ind2=" " ind1=" " tag="720">
      <subfield code="a">Álvarez-Contino, José Erik</subfield>
      <subfield code="e">author</subfield>
   </datafield>
   <datafield ind2=" " ind1=" " tag="720">
      <subfield code="a">Barbancho-Fernández, Miguel Ángel</subfield>
      <subfield code="e">author</subfield>
   </datafield>
   <datafield ind2=" " ind1=" " tag="720">
      <subfield code="a">Sánchez-Pérez, José Andrés</subfield>
      <subfield code="e">author</subfield>
   </datafield>
   <datafield ind2=" " ind1=" " tag="720">
      <subfield code="a">Blanco-Reina, Encarnación</subfield>
      <subfield code="e">author</subfield>
   </datafield>
   <datafield ind2=" " ind1=" " tag="720">
      <subfield code="a">Fuxe, Kjell</subfield>
      <subfield code="e">author</subfield>
   </datafield>
   <datafield ind2=" " ind1=" " tag="720">
      <subfield code="a">Borroto Escuela, Dasiel Óscar</subfield>
      <subfield code="e">author</subfield>
   </datafield>
   <datafield ind2=" " ind1=" " tag="720">
      <subfield code="a">García-Casares, Natalia</subfield>
      <subfield code="e">author</subfield>
   </datafield>
   <datafield ind2=" " ind1=" " tag="720">
      <subfield code="a">Narváez-Peláez, Manuel</subfield>
      <subfield code="e">author</subfield>
   </datafield>
   <datafield ind2=" " ind1=" " tag="260">
      <subfield code="c">2024-06</subfield>
   </datafield>
   <datafield ind2=" " ind1=" " tag="520">
      <subfield code="a">Abstract body: Background: The complexity of neurodegenerative and mood disorders necessitates innovative therapeutic strategies beyond current treatments. This study explores the combined therapeutic potential of Galanin receptor 2 (GALR2) and Neuropeptide Y Y1 receptor (Y1R) agonists, administered intranasally, on spatial memory, antidepressant-like behavior, and neurogenesis in adult rats.&#xd;
&#xd;
Methods: The investigation employed intranasal co-delivery of GALR2 agonist M1145 and Y1R agonist to adult rats, examining spatial memory through the object-in-place task and antidepressant-like effects via the Forced Swimming Test. Neuronal survival and differentiation were assessed by BrdU-IR profiles, doublecortin (DCX) labeling, and Proximity Ligation Assay (PLA) for GALR2/NPYY1R heteroreceptor complexes in the hippocampus.&#xd;
&#xd;
Results: Co-administration significantly improved spatial memory and exhibited antidepressant-like behaviors. Notably, the presence of GALR2/NPYY1R heteroreceptor complexes in the ventral hippocampal dentate gyrus was associated with these behavioral outcomes. Enhanced neuronal survival, increased proliferation of neuroblasts, and augmented DCX-positive cell numbers with mature dendritic morphology were observed, suggesting enhanced neurogenesis and neuronal differentiation.&#xd;
&#xd;
Conclusions: The synergistic action of GALR2 and Y1R agonists via intranasal delivery offers a promising therapeutic approach for improving cognitive function and mood, highlighting the potential for new treatment strategies in neurodegenerative and mood disorders. The critical role of GALR2 in these processes suggests a novel target for future pharmacological interventions.</subfield>
   </datafield>
   <datafield ind1="8" ind2=" " tag="024">
      <subfield code="a">https://hdl.handle.net/10630/37162</subfield>
   </datafield>
   <datafield tag="653" ind2=" " ind1=" ">
      <subfield code="a">Sistema nervioso - Degeneración</subfield>
   </datafield>
   <datafield ind2="0" ind1="0" tag="245">
      <subfield code="a">Synergistic Effects of Intranasally Administered GALR2 and Y1R Agonists on Cognitive and Mood-Related Behaviors in Adult Rats: Implications for Neurodegenerative and Mood Disorders</subfield>
   </datafield>
</record>
</metadata></record></GetRecord></OAI-PMH>